| 000 | 00791na a2200277 4500 | ||
|---|---|---|---|
| 001 | 23797 | ||
| 003 | MIRAKIL | ||
| 005 | 20181213155318.0 | ||
| 008 | 171226b tu 000 0 | ||
| 020 | _a9789944771672 | ||
| 040 |
_aMilas _btur _cTR-AnCHP |
||
| 041 | _atur | ||
| 082 |
_a338.9561 _bT86t 2007 |
||
| 090 | _a338.9561 T86t 2007 | ||
| 100 | _aTurgut, Mehmet | ||
| 245 |
_aTürkiye nasıl kalkınır _cMehmet Turgut |
||
| 260 |
_aAnkara _bNobel yayın dağıtım _c2007 |
||
| 300 |
_axxiii, 284 s. _c24 sm. |
||
| 440 |
_aNobel _vyayın no: 1157 |
||
| 490 |
_aFikir ve kültür eserleri _v6 |
||
| 500 | _aYapıt yazarından imzalıdır. | ||
| 504 | _aDizin var. | ||
| 650 |
_aEkonomi politikası _xTürkiye |
||
| 650 |
_aTürkiye _xEkonomik kalkınma |
||
| 942 |
_2ddc _cBKS |
||
| 999 |
_c10367 _d10367 |
||